Ekonomická sociológia a psychológia

Saved in:
Bibliographic Details
Main Author: Milly, Sigfrid
Corporate Author: Vysoká škola ekonomická v Bratislave. Fakulta riadenia
Other Authors: Tichý, Imrich
Format: Book
Language:Slovak
Published: Bratislava Vysoká škola ekonomická 1980
Tags: Add Tag
No Tags, Be the first to tag this record!

MARC

LEADER 00000nam a2200000 4500
001 c141175
005 20190107122733.3
041 0 |a slo 
044 |a SK 
245 1 0 |a Ekonomická sociológia a psychológia  |c Sigfrid Milly, Imrich Tichý 
264 1 |a Bratislava  |b Vysoká škola ekonomická  |c 1980 
300 |a 141 s. 
100 1 |a Milly, Sigfrid 
700 1 |a Tichý, Imrich 
710 2 |a Vysoká škola ekonomická v Bratislave. Fakulta riadenia